000 00715nam0a22002291 4500
001 rc\4297152
005 20250611152425.0
035 _a(NLR Aleph) 008255435
090 _a8362823
_c8362823
100 _a20130416d1960 |||y0rusy50 ca
101 0 _arus
102 _aRU
105 _ay z |||||
200 1 _aАлма-Ата в цифрах
_eСтат. сборник
_fЦСУ КазССР. Стат. упр. г. Алма-Аты
210 _aАлма-Ата
_cБ. и.
_d1960
215 _a174 с.
_d15
333 _aНе подлежит опубликованию в открытой печати
801 0 _aRU
_bNLR
_gpsbo
801 1 _aRU
_bELAR
_2rusmarc
852 _aNLR
_j61-1/133
942 _cBOOK
980 _aNB